| 000 | 00372nam a2200145Ia 4500 | ||
|---|---|---|---|
| 008 | 211109s9999||||xx |||||||||||||| ||und|| | ||
| 082 |
_a894.8121 _bKUM-L |
||
| 100 | _aKumaranassan, N | ||
| 245 | 0 | _aLeela | |
| 260 |
_bDC Books _aKottayam _c1982 |
||
| 300 | _a176p. | ||
| 630 | _xGeneral Stack | ||
| 650 |
_aMalayalam Literature _vMalayalam Poetry _xMalayalam |
||
| 942 | _cBOOK | ||
| 999 |
_c1207 _d1207 |
||